Agrární program ČR pro období přechodu agrárně potravinářského komplexu do tržní ekonomiky.

Hlavné smery ďalšieho vývoja agrárno-potravinárskeho komplexu ČR. Dva hlavné predpoklady pre vytvorenie potrebnej rozmanitosti podnikateľských foriem. Určujúci význam rodinných fariem s dostatočnou koncentráciou pôdy. Ekologická a sociálna funkcia poľnohospodárstva.

Uložené v:
Podrobná bibliografia
Hlavný autor: Doucha, Tomáš
Médium: Kapitola
Jazyk:Czech
Predmet:
Tagy: Pridať tag
Žiadne tagy, Buďte prvý, kto otaguje tento záznam!

MARC

LEADER 00000naa a2200000 4500
001 r006585
005 20221125075804.8
041 0 |a cze 
044 |a [CS] 
245 1 0 |a Agrární program ČR pro období přechodu agrárně potravinářského komplexu do tržní ekonomiky.  |c T. Doucha 
520 |a Hlavné smery ďalšieho vývoja agrárno-potravinárskeho komplexu ČR. Dva hlavné predpoklady pre vytvorenie potrebnej rozmanitosti podnikateľských foriem. Určujúci význam rodinných fariem s dostatočnou koncentráciou pôdy. Ekologická a sociálna funkcia poľnohospodárstva. 
610 2 0 |a komplex poľnohospodársko-potravinársky 
610 2 0 |a Čechy 
610 2 0 |a pôda poľnohospodárska 
610 2 0 |a farmy 
610 2 0 |a ekológia 
610 2 0 |a politika poľnohospodárska 
610 2 0 |a podnikanie 
610 2 0 |a hospodárstvo trhové 
100 1 |a Doucha, Tomáš